=LDR 00000nam 2200000 4500 =001 INLIS000000000034123 =005 20130612140035 =008 ***********************************Ind** =035 ##$$0010-061300000034123 =041 ##$$a Ind =082 ##$$a 650.1 =090 ##$$a 650.1, gYeu e =100 ##$$a Yeung,Rob =245 ##$$a The New Rules: Entrepreneurship, Rob Yeung; Editor Antonius Hermawan Susilo =260 ##$$a 2009 $b Jakarta =300 ##$$a 199 hlm, 18 cm =650 ##$$a Manajemen =850 ##$$a NBPNMAT =990 ##$$a 21196839/BPAP-NTB/2014 =990 ##$$a 0001/BPAP-NTB/20142015 =990 ##$$a 2090101206/BPAP-NTB/2015